| Record ID | marc_records_scriblio_net/part13.dat:136039267:670 |
| Source | Scriblio |
| Download Link | /show-records/marc_records_scriblio_net/part13.dat:136039267:670?format=raw |
LEADER: 00670cam 22002538a 4500
001 2001030080
003 DLC
005 20010208094833.0
008 010131s2001 alu 000 0 eng
010 $a 2001030080
020 $a1588380300
040 $aDLC$cDLC
042 $apcc
043 $an-us---
050 00 $aNC1429.G399$bA4 2001
082 00 $a741.5/973$221
100 1 $aGerson, Alan,$d1952-
245 10 $aHabeas circus :$billegal humor /$cAlan Gerson.
260 $aMontgomery, Ala. :$bNewSouth Books,$c2001.
263 $a0103
300 $ap. cm.
650 0 $aLaw$vHumor.
650 0 $aLaw$xCaricatures and cartoons.
650 0 $aAmerican wit and humor, Pictorial.